zpět

Detail výsledku týmu

U Rybníka, Zvole

Datum a čas kvízu

22.5 Celkem bodů Celkový počet nahraných bodů na tomto kvízu bez doplňovacích otázek.
6. Pořadí na kvízu Konečné umístění týmu na tomto kvízu.

Zaznamenané odpovědi

# Otázka Odpověď Body Výsledky
1. Minulý týden rozbouřil vody če... Vondráček s kolegou vyskočili na předsednický pult a hráli na kytary. 1
2. Inzerát místních úřadů na míst... Srí Lanka 0
3. 4. březen se zřejmě stane čern... Luke Perry, Keith Flint 1
4. Švédská automobilka Volvo omez... 180 km/h 1
5. Vedoucí žena Světového poháru... Špindlerův Mlýn 1
6. V prvních čtyřech otázkách tém... Alois Jirásek, Staré pověsti české 0
7. „Vstávej!“ ...Meduna krásně př... Karel Poláček, Muži v offsidu 0
8. "Mé nejstarší vzpomínky... To... Karel Čapek, Hovory s TGM 0
9. „Drva hlaďúnký, bílúnký, a tak... Rudolf Těsnohlídek, Liška Bystrouška 0
10. "V jednom kupé druhé třídy ryc... B 1